| 000 | 00436nam a22001697a 4500 | ||
|---|---|---|---|
| 005 | 20180201151427.0 | ||
| 008 | 160428b xxu||||| |||| 00| 0 eng d | ||
| 020 | _a0-81-250790-4 | ||
| 041 | _aeng | ||
| 082 |
_b00443 _a004 |
||
| 100 |
_aLeon, Alexiz & Mathew & Leon _9143 |
||
| 245 | _aIntroduction to Computers | ||
| 260 |
_aNew Delhi _bLean Tech world, _c1999 |
||
| 300 | _a424 | ||
| 650 |
_aInformation Technology _9137 |
||
| 942 | _cBK | ||
| 999 |
_c137 _d137 |
||